Gemini Moon - Renee Rapp (All Lyrics) - Statistics

General Stats
  • This quiz has been taken 21 times
    7 since last reset
  • The average score is 206 of 226
Answer Stats
Lyrics % Correct
a
100%
bite
100%
cinnamon
100%
come
100%
day
100%
different
100%
driver,
100%
Every
100%
every
100%
exist
100%
fucking
100%
get
100%
gonna
100%
high
100%
how
100%
I
100%
I'm
100%
in
100%
in,
100%
know
100%
love
100%
low
100%
me,
100%
met
100%
more?
100%
Moving
100%
my
100%
Never
100%
never
100%
not
100%
on
100%
or
100%
passenger
100%
pendulum
100%
perfect,
100%
run
100%
shit
100%
so
100%
Sour
100%
Swingin'
100%
swingin'
100%
talk
100%
the
100%
then
100%
to
100%
To
100%
tongue
100%
we
100%
you
100%
you're
100%
You're
100%
(Ah)
83%
(Ah
83%
ah)
83%
Always
83%
am
83%
avoid
83%
be
83%
bet
83%
better
83%
blame
83%
bored
83%
Breaking
83%
But
83%
but
83%
Compatibility
83%
could
83%
doesn't
83%
down
83%
feeling
83%
Gemini
83%
heaven,
83%
Hope
83%
insecure
83%
it
83%
just
83%
kid
83%
lemons
83%
make
83%
(Mm)
83%
Mm,
83%
moon
83%
now
83%
of
83%
pick
83%
problem
83%
really,
83%
should
83%
sick
83%
side
83%
some
83%
this
83%
was
83%
We're
83%
yesterday
83%
Believe
67%
buy
67%
line
67%
myself
67%
smile
67%
time
67%
who
67%
beds
50%
Memorizing
50%
science
50%
No matching quizzes found
Score Distribution
Percent of People with Each Score
Percentile by Number Answered
Your Score History
You have not taken this quiz since the last reset